[Event "November Lviv Tradition 2019"]
[Site "Lviv"]
[Date "2019.11.24"]
[Round "8.2"]
[White "Frolov, Artur"]
[Black "Papunidi, Matvey"]
[Result "1-0"]
[WhiteElo "2425"]
[BlackElo "2052"]
[Annotator "TA"]
[PlyCount "109"]
[EventDate "2019.09.23"]
[EventType "tourn"]
[EventRounds "9"]
[EventCountry "UKR"]
[EventCategory "1"]
[SourceTitle "playchess.com"]
[Source "ChessBase"]
[SourceQuality "1"]

{[%evp 29,109,51,62,54,75,75,74,58,79,37,35,0,37,29,27,17,39,17,65,76,104,118,109,91,114,29,29,29,29,29,42,41,46,46,57,32,120,75,111,111,112,114,85,97,79,0,0,-9,56,75,127,127,282,276,281,292,368,350,349,300,316,284,972,951,933,801,1536,1512,1345,768,1068,0,1816,1622,991,761,12840,756,748,748,746,681]} 1. e4 c5 2. Nf3 Nc6 3. d4 cxd4 4. Nxd4 g6 5. c4 Bg7 6. Be3 Nf6 7. Nc3 O-O 8. Be2 d6 9. Rc1 ({Predecessor:} 9. O-O Bd7 10. Qd2 Nxd4 11. Bxd4 Bc6 12. f3 a5 13. Be3 Nd7 14. Rac1 Nc5 15. Rfd1 Qb6 16. b3 Qb4 17. Nd5 Bxd5 {½-½ (32) Michalek,J (2285)-Ovsejevitsch,S (2475) Pardubice 1998}) 9... Bd7 10. Qd2 Nxd4 11. Bxd4 Bc6 12. f3 a5 13. b3 Nd7 14. Be3 Nc5 15. O-O Qb6 16. Nd5 $146 {B38: Sicilian: Maroczy Bind with 5...Bg7 and 7...0-0} (16. Rc2 Rfc8 17. Rfc1 Qd8 18. Bf1 h5 19. Rd1 Kh7 20. Nd5 e6 21. Nf4 Be5 22. Nh3 Kg8 23. Ng5 b6 {½-½ (44) Landa,K (2607)-Reinderman,D (2573) Netherlands 2017}) 16... Bxd5 17. cxd5 Qb4 18. Rfd1 {White is better.} Rfc8 19. Rc4 Qxd2 20. Rxd2 (20. Bxd2 {seems wilder.} b5 21. Rc2 b4 22. Rb1 Rcb8 23. Rc4) 20... b5 21. Rxc5 dxc5 22. Bxb5 Bc3 23. Rd3 Bb4 24. Kf2 a4 25. bxa4 c4 26. Rd4 Bc3 27. Rxc4 (27. Rd1 $1 $16) 27... Rxc4 $11 28. Bxc4 Rxa4 $16 {[%mdl 4096] Endgame KRB-KB} 29. Bb3 Ra6 30. Ke2 Kf8 31. Kd3 Bb4 32. e5 f6 (32... Ba3 $14) 33. d6 fxe5 34. d7 {[%cal Re3h6]} Rd6+ {[%mdl 64] Double Attack} 35. Ke4 $1 {[%cal Re3h6]} Kg7 36. Ba4 $1 Ba5 {[#]} 37. Kxe5 ({Better is} 37. f4 $1 $16) 37... Bc7 $11 {Threatens to win with ...Ra6+.} 38. Ke4 {Bf4 is the strong threat.} Ra6 (38... Re6+ $11 39. Kd3 Ra6 40. Bd4+ Kf8) 39. Bd4+ $14 Kf7 {[#]} (39... Kh6 $142 40. Bb5 Rxa2) 40. Bb5 $1 $16 {[%cal Rb5a6]} Ra5 $2 (40... Re6+ $16 {was necessary.} 41. Kd5 Rd6+ 42. Kc4 e6) 41. a4 $18 e6 42. Be5 Bd8 43. Kd4 Bb6+ 44. Kc4 Ra8 45. Bd6 Kf6 $2 (45... g5 46. Bc6 Ra5) 46. Bc6 Ra5 47. Bb4 Rh5 48. g4 Rxh2 49. a5 {[%cal Ba4a5,Ba5a6,Ba6a7][%mdl 32]} Bd8 50. Kd3 $2 ({White should play} 50. Ba4 $18 Ra2 51. Kb5) 50... Rh1 $2 {[%mdl 8192]} (50... Ra2 $11) 51. Bc3+ {White is clearly winning.} Ke7 52. a6 {aiming for a7.} Rb1 53. Kc2 (53. a7 $142 Rb6 54. a8=Q) 53... Rb6 54. a7 Ra6 55. Bb4+ {Accuracy: White = 69%, Black = 27%.} 1-0

[Event "November Lviv Tradition 2019"]
[Site "Lviv"]
[Date "2019.11.24"]
[Round "8.3"]
[White "Cherniaiev, Tykhon"]
[Black "Polulikh, Bogdan"]
[Result "1/2-1/2"]
[WhiteElo "2121"]
[BlackElo "2286"]
[Annotator "TA"]
[PlyCount "159"]
[EventDate "2019.09.23"]
[EventType "tourn"]
[EventRounds "9"]
[EventCountry "UKR"]
[EventCategory "1"]
[SourceTitle "playchess.com"]
[Source "ChessBase"]
[SourceQuality "1"]

{[%evp 25,159,2,0,0,0,8,12,-4,-8,-16,-13,-4,2,-30,0,-29,-26,-45,-21,-18,-10,-12,0,0,0,0,0,-16,0,-23,-19,-34,0,0,0,0,0,-18,4,2,2,7,4,2,20,25,14,0,12,15,14,12,20,0,15,12,439,431,811,807,969,991,839,737,1678,0,0,0,0,0,0,0,0,0,0,0,0,0,0,-11,-11,-11,-11,-15,-15,-15,-11,-15,-15,-15,-11,-11,-11,-15,-11,-25,-25,-25,-25,-25,-25,-25,-25,-25,-25,-25,-25,-25,0,-11,0,-15,-15,-15,-15,-25,-25,-25,-25,-25,-25,-25,0,0,0,0,0,0,0,0,0,0,0,0,0,0]} 1. Nf3 c5 2. c4 Nf6 3. Nc3 Nc6 4. e3 e6 5. d4 d5 6. dxc5 Bxc5 7. cxd5 exd5 8. Be2 O-O 9. O-O a6 10. b3 d4 11. Na4 Ba7 12. exd4 Nxd4 13. Nxd4 Bxd4 14. Bb2 {D32: Tarrasch Defence: Sidelines and lines without g3} Bxb2 15. Nxb2 Qe7 (15... Bf5 16. Nc4 Qe7 17. Bf3 Rad8 18. Qc1 Qb4 19. Rd1 Be6 20. Ne3 Rxd1+ 21. Qxd1 Rc8 {½-½ (44) Megaranto,S (2527)-Zhang,Z (2611) Tromsoe 2014}) 16. Qc2 $146 ({Predecessor:} 16. Re1 Rd8 17. Nd3 Be6 18. Bf3 Rd4 19. Qc2 Qd6 20. Ne5 Rc8 21. Qb2 h6 22. Rad1 Rxd1 23. Rxd1 Bd5 24. h3 Qe6 25. Bg4 {½-½ (26) Holtorf,P-Jung,R GER email 2008}) 16... Be6 17. Bc4 Qc7 18. Rac1 Rac8 19. Qe2 Bg4 20. f3 Bf5 21. Rcd1 Nh5 22. Qf2 Nf4 23. Nd3 Ng6 24. Nb4 b5 25. Bd3 Bxd3 26. Nxd3 Qd6 27. f4 Rfd8 28. h3 Qd4 29. f5 {[#] Qxd4 is the strong threat.} Ne7 30. Qxd4 Rxd4 31. g4 h5 32. Nf4 Rxd1 33. Rxd1 hxg4 34. hxg4 $11 {[%mdl 4096] Endgame KRN-KRN} Nc6 35. Rc1 Ne7 36. Rd1 Kf8 37. Rd6 Nc6 38. Nd5 Ne5 39. Rxa6 Nxg4 (39... Rd8 $5 {[%cal Rd8d5]} 40. Nc7 Rd2 $11) 40. Rb6 Nf6 $2 {[%mdl 8192]} (40... Nh6 $11 {and Black is okay.}) 41. Nxf6 $18 gxf6 (41... g6 $142 42. Rxb5 Rc1+ 43. Kf2 Rc2+ 44. Ke3 Rxa2 45. fxg6 fxg6) 42. Rxb5 {KR-KR} Rc1+ 43. Kf2 Rc2+ 44. Ke3 Rxa2 45. Rb7 $2 (45. Kd3 $18 {Hoping for Rd5.} Kg7 46. Rd5) 45... Ra5 $11 46. Ke4 Re5+ 47. Kf4 Kg7 48. b4 Rd5 49. b5 {[#] And now Rb8 would win.} Rd4+ 50. Ke3 (50. Kf3 {feels hotter.} Rb4 51. b6 Kh6 52. Rb8 Kg5 53. b7) 50... Rb4 51. b6 {Black must now prevent Rb8.} Kh6 52. Rxf7 (52. Kd2 {looks sharper.} Kg5 53. Kc3 Rb1 54. Rb8 Kxf5 55. Kc4) 52... Rxb6 53. Rc7 Kg5 54. Rc5 Rb3+ 55. Ke4 Rb1 56. Ke3 Kg4 57. Ra5 Re1+ 58. Kf2 Re4 59. Rb5 Kf4 60. Ra5 Rb4 61. Ke2 Rb2+ 62. Kd3 Rh2 63. Rb5 Rh5 64. Ke2 Rh3 65. Ra5 Ke4 66. Kf2 Rh8 67. Rb5 Rd8 68. Ke2 Kf4 69. Ra5 Rb8 70. Kf2 Rb2+ 71. Kf1 Rh2 72. Kg1 Re2 73. Kf1 Re5 (73... Rb2 {seems wilder.} 74. Ke1 Ke3 75. Ra3+ Kd4 76. Ra4+ Ke5) 74. Rxe5 {The position is equal.} Kxe5 {KP-KP} 75. Ke2 Ke4 (75... Kf4 $5) 76. Kf2 Kxf5 77. Kf3 Ke6 {( -> ...Kf5)} 78. Ke4 f5+ 79. Kf4 Kd5 80. Kxf5 {Accuracy: White = 53%, Black = 56%.} 1/2-1/2

[Event "November Lviv Tradition 2019"]
[Site "Lviv"]
[Date "2019.11.24"]
[Round "8.4"]
[White "Zaika, Daniil"]
[Black "Shkuran, Danylo"]
[Result "1-0"]
[WhiteElo "2274"]
[BlackElo "2345"]
[Annotator "TA"]
[PlyCount "79"]
[EventDate "2019.09.23"]
[EventType "tourn"]
[EventRounds "9"]
[EventCountry "UKR"]
[EventCategory "1"]
[SourceTitle "playchess.com"]
[Source "ChessBase"]
[SourceQuality "1"]

{[%evp 23,79,25,45,39,68,77,64,72,80,87,118,96,122,125,144,129,162,158,147,143,144,131,133,0,119,128,145,147,145,123,190,183,216,116,112,126,132,127,144,171,143,162,141,129,552,536,637,634,899,899,857,733,732,729,5422,1042,1018,985]} 1. d4 Nf6 2. c4 g6 3. g3 Bg7 4. Bg2 O-O 5. Nc3 d6 6. Nf3 Nbd7 7. O-O e5 8. h3 Re8 9. e4 exd4 10. Nxd4 Nc5 11. Re1 a5 12. Ndb5 Bd7 13. Bf4 {E68: King's Indian: Fianchetto: 6...Nbd7 7 0-0 e5 8 e4} Bc6 {[%cal Rf6e4]} (13... Qc8 14. Nxc7 Qxc7 15. Bxd6 Qc8 16. e5 Nh5 17. Bxc5 Nxg3 18. Bd6 Nh5 19. Nd5 Bxh3 20. Nb6 Qf5 21. Bxh3 Qxh3 {1-0 (34) Mikhalevski,V (2538)-Harikrishna,P (2745) Caleta 2018}) 14. Qc2 Qc8 $146 ({Predecessor:} 14... Nfd7 15. Rad1 Na6 16. a3 Nb6 17. c5 Nxc5 18. Nxc7 Bxc3 19. Nxa8 Bxe1 20. Nxb6 Bxf2+ 21. Qxf2 Qxb6 22. Rxd6 {½-½ (31) Valsecchi,A (2506)-Iniyan,P (2380) Escaldes 2017}) 15. Rad1 {White is slightly better.} Nfd7 16. Be3 b6 17. f4 Na6 18. Bd4 Nb4 19. Qb1 Bxd4+ 20. Nxd4 {aiming for a3.} Bb7 21. b3 Nc6 22. Ndb5 Na7 23. Nd4 Nc6 24. Nf3 Ne7 25. Qb2 Nc5 26. Kh2 h6 (26... Rd8 $16) 27. e5 $18 dxe5 28. fxe5 ({White should try} 28. Nxe5 $18 Bxg2 29. Ng4 (29. Qxg2 Rd8 $16) (29. Kxg2 h5 $14)) 28... Rd8 $16 {next ...Nd3 is good for Black.} 29. Nd4 Bxg2 30. Qxg2 Ne6 31. Nd5 Nxd5 32. cxd5 Nxd4 33. Rxd4 {Black must now prevent e6.} Re8 $2 {[%mdl 8192] [#]} (33... Qd7 $16 {is more resistant.} 34. e6 fxe6) 34. e6 $1 $18 {[%mdl 512] White is clearly winning.} Re7 (34... fxe6 35. dxe6) 35. Rf4 {Hoping for exf7+.} Qf8 {[#]} 36. d6 $1 {[%mdl 512]} cxd6 37. Rxf7 Rxf7 38. exf7+ Kh7 {[#]} 39. Qb7 (39. Qxa8 $142 $1 {[%mdl 512]} Qxa8 40. Re8) 39... Rd8 40. Re8 {Accuracy: White = 81%, Black = 35%.} 1-0

[Event "November Lviv Tradition 2019"]
[Site "Lviv"]
[Date "2019.11.24"]
[Round "8.5"]
[White "Shpanko, Nadiia"]
[Black "Bets, Anatolij"]
[Result "1-0"]
[WhiteElo "2207"]
[BlackElo "2258"]
[Annotator "TA"]
[PlyCount "35"]
[EventDate "2019.09.23"]
[EventType "tourn"]
[EventRounds "9"]
[EventCountry "UKR"]
[EventCategory "1"]
[SourceTitle "playchess.com"]
[Source "ChessBase"]
[SourceQuality "1"]

{[%evp 13,39,-4,2,0,-2,11,12,-221,0,-21,-13,-52,-33,-25,22,23,225,224,220,221,216,208,216,174,183,162,176,126]} 1. e4 c6 2. c4 d5 3. exd5 cxd5 4. cxd5 Nf6 5. Qa4+ Nbd7 6. Nc3 g6 7. Nf3 Bg7 8. Bc4 {B10: Caro-Kann: 2 d3 and 2 c4} O-O 9. d3 a6 {aiming for ...b5.} 10. O-O $2 {[#]} (10. Qa3 $11) 10... Rb8 $146 (10... b5 $1 $19 {[%cal Rb5a4]} 11. Qd1 (11. Bxb5 $2 Nb6 $19 {[%mdl 64] Double Attack}) 11... bxc4 12. dxc4 Nb6) ({Predecessor:} 10... b5 11. Nxb5 Nb6 12. Qb3 axb5 13. Bxb5 Nbxd5 14. Bc4 Qd6 {0-1 (30) Mahjoob,M (2479)-Anastasian,A (2555) Abu Dhabi 2007}) 11. Bf4 b5 {[%mdl 64] Double Attack} 12. Qc2 Ra8 {[%mdl 1024] Black has compensation.} 13. Bb3 Nb6 {[%cal Rf6d5]} 14. Ne5 $36 {[%mdl 2048] White fights for an advantage.} Nh5 $2 (14... Bb7 $11 {and Black has nothing to worry.}) 15. Nc6 $18 {White is clearly better.} Qd7 16. Be3 Qc7 17. Ne4 {Threatens to win with Qc5.} Bb7 18. Rac1 {Played: Nc6xe7} 1-0

[Event "November Lviv Tradition 2019"]
[Site "Lviv"]
[Date "2019.11.25"]
[Round "9.1"]
[White "Bets, Anatolij"]
[Black "Kagramanianz, Vartan"]
[Result "1/2-1/2"]
[WhiteElo "2258"]
[BlackElo "2229"]
[Annotator "TA"]
[PlyCount "60"]
[EventDate "2019.09.23"]
[EventType "tourn"]
[EventRounds "9"]
[EventCountry "UKR"]
[EventCategory "1"]
[SourceTitle "playchess.com"]
[Source "ChessBase"]
[SourceQuality "1"]

{[%evp 14,60,23,18,26,22,27,33,38,17,22,-58,82,-88,79,-55,172,-20,253,-10,153,-106,184,-122,-73,-112,-9,-125,-106,-111,-32,-182,-176,-267,-131,-106,-74,-237,-45,-260,0,-269,3,-388,-407,-359,-61,-365,-39]} 1. d4 d5 2. c4 c6 3. Nc3 Nf6 4. Nf3 a6 5. e3 b5 6. b3 Bg4 7. Be2 e6 8. O-O Be7 {D15: Slav Defence: 4 Nc3 a6 and gambit lines after 4 Nc3 dxc4} (8... Nbd7 9. Bb2 Qb8 10. c5 a5 11. h3 Bh5 12. a3 Be7 13. b4 a4 14. Ne5 Nxe5 15. dxe5 Qxe5 16. Nxa4 Bxe2 17. Qxe2 {0-1 (42) Ni,H (2671)-Laznicka,V (2647) Riadh 2017}) 9. h3 Bh5 10. Ne5 Bxe2 {White is slightly better.} 11. Qxe2 O-O 12. e4 $146 (12. a4 $11) ({Predecessor:} 12. a4 b4 13. Nb1 c5 14. Bb2 cxd4 15. Bxd4 Ne4 16. cxd5 Qxd5 {½-½ (25) Sogaard,O (2514)-Schrancz,I (2470) ICCF email 2002}) 12... Nfd7 (12... Bb4 $15 {keeps the upper hand.} 13. Bb2 Bxc3 14. Bxc3 Nxe4) 13. f4 $2 {[#]} (13. exd5 $16 {keeps the pressure on.} Nxe5 14. dxe5 (14. Qxe5 cxd5 15. cxd5 b4 $14)) 13... a5 $2 (13... Nxe5 $17 {and life is bright.} 14. fxe5 dxc4) 14. Bb2 ({White should play} 14. exd5 $16 b4 15. Nxc6 Nxc6 16. dxc6 bxc3 17. cxd7) 14... Qc7 $2 (14... Nxe5 $15 {stays ahead.} 15. dxe5 Qb6+ 16. Kh1 d4) 15. a3 $2 (15. exd5 $18 b4 16. Nxc6 Nxc6 17. Nb5) 15... g6 $2 {[%mdl 8192]} (15... bxc4 $11 16. bxc4 Nxe5 17. fxe5 dxc4) 16. Qc2 $2 (16. cxb5 $6 Qb6 $16) (16. exd5 $18 cxd5 17. cxd5 (17. Nxb5 Qb6 $18)) 16... f5 $2 {[#]} (16... dxc4 $11 17. bxc4 Nxe5 18. fxe5 bxc4) 17. Ne2 $2 (17. cxb5 $6 fxe4 18. Na4 Qd6 $14) (17. cxd5 $16 {stays on course.} cxd5 18. exd5) 17... Nf6 $2 {[%mdl 8192]} (17... dxe4 $17 18. cxb5 Nxe5 19. dxe5 Qb6+ {[%mdl 64] Double Attack} 20. Bd4 c5) 18. Nc1 $2 (18. exf5 $18 gxf5 19. cxb5) 18... Nxe4 19. Ncd3 Bf6 ({Black should try} 19... bxc4 $17 20. bxc4 Nd7 21. cxd5 Nxe5 22. Nxe5 exd5 23. Qxc6 Qxc6 24. Nxc6 Bd6) 20. Kh2 (20. cxb5 $11 Ra7 21. Rfc1 (21. bxc6 Rc8 $11) (21. Nxc6 Nxc6 22. Qxc6 Qxc6 $15)) 20... Bxe5 21. Nxe5 Nd7 (21... Qb7 $17 22. cxb5 cxb5) 22. Nxd7 (22. cxb5 $15 Nxe5 23. dxe5) 22... Qxd7 $19 23. Bc3 (23. c5 {might work better.}) 23... Nxc3 (23... dxc4 $19 {and Black stays clearly on top.} 24. bxc4 bxc4) 24. Qxc3 $17 a4 25. b4 $2 (25. cxb5 $17 cxb5 26. Qe3) 25... Kf7 $2 ({Don't do} 25... bxc4 26. Rfe1) (25... dxc4 $19 26. Rfe1 Rad8) 26. Ra2 $2 (26. c5 $1 $15) 26... Qe7 $2 (26... bxc4 27. Re1 $17) (26... dxc4 $19 {Threatens to win with ...Rad8.} 27. Re2 Rad8) 27. Qc1 $2 {[%mdl 8192]} (27. cxb5 $11 cxb5 28. Rc2) 27... Qh4 $2 ({But not} 27... bxc4 28. Re2 $17) (27... dxc4 $19 {White must now prevent ...Rad8.} 28. Rd1 Rfd8) 28. Qe1 $2 {[%mdl 8192]} (28. cxd5 $11 {and White stays safe.} cxd5 29. Rc2) 28... Qxe1 $19 29. Rxe1 Rg8 $2 (29... bxc4 $2 30. Rae2 $19) ({Better is} 29... dxc4 $19 {...Rad8 is the strong threat.} 30. Kg3 Rfd8) 30. g3 $2 {[%mdl 8192]} (30. cxb5 $15 cxb5 31. Rc2) 30... h5 $2 {Accuracy: White =  4%, Black =  7%.} ({Weaker is} 30... bxc4 31. Rae2 $19) (30... dxc4 $19 31. Rae2 Rad8) 1/2-1/2

[Event "November Lviv Tradition 2019"]
[Site "Lviv"]
[Date "2019.11.25"]
[Round "9.2"]
[White "Shkuran, Danylo"]
[Black "Shpanko, Nadiia"]
[Result "1/2-1/2"]
[WhiteElo "2345"]
[BlackElo "2207"]
[Annotator "TA"]
[PlyCount "61"]
[EventDate "2019.09.23"]
[EventType "tourn"]
[EventRounds "9"]
[EventCountry "UKR"]
[EventCategory "1"]
[SourceTitle "playchess.com"]
[Source "ChessBase"]
[SourceQuality "1"]

{[%evp 21,61,-12,0,-54,-26,-49,-43,-48,-46,-36,-37,-72,-52,-60,-58,-58,-47,-48,-48,-114,-52,-59,-50,-109,-66,-70,-68,-64,-65,-51,-48,-72,-39,-42,-48,-56,-31,-43,-53,-55,-50,-39]} 1. e4 c5 2. c3 Nf6 3. e5 Nd5 4. Nf3 Nc6 5. d4 cxd4 6. cxd4 d6 7. exd6 Qxd6 8. Nc3 Bg4 9. Be2 e6 10. O-O Be7 11. h3 Bh5 12. Ne4 {B13: Caro-Kann: Exchange Variation and Panov-Botvinnik Attack} ({White should try} 12. Qb3 $11) (12. Qb3 O-O 13. Nxd5 Qxd5 14. Qxd5 {½-½ (14) Maliangkay,R (2578)-Haugen,A (2536) ICCF email 2006}) 12... Qc7 13. Ng3 Bg6 14. Bd3 $146 ({Predecessor:} 14. a3 O-O 15. Bd3 Rfd8 16. Bxg6 hxg6 17. Bd2 Rac8 18. Rc1 Qb6 {½-½ (35) Hernandez,J (1851)-Acosta,A (2292) Bogota 2018}) 14... O-O 15. Bxg6 hxg6 16. b3 Rad8 17. Bb2 Nf4 18. Qc2 Rd7 19. Qe4 Nd5 20. Ne5 (20. Rfc1 $15) 20... Nxe5 (20... f5 $17 21. Qf3 Nxe5 22. dxe5 Nb4) 21. dxe5 $15 Nb4 22. Rfc1 (22. Rfd1 $15) 22... Nc6 23. Nf1 Rfd8 24. Ne3 Qa5 25. Bc3 Qb5 26. Qc4 Qxc4 27. Nxc4 {Black is slightly better.} Rd3 28. a4 R8d7 29. Kf1 g5 30. Ke2 Bc5 31. Rab1 {Accuracy: White = 57%, Black = 41%.} 1/2-1/2

[Event "November Lviv Tradition 2019"]
[Site "Lviv"]
[Date "2019.11.25"]
[Round "9.3"]
[White "Polulikh, Bogdan"]
[Black "Zaika, Daniil"]
[Result "1/2-1/2"]
[WhiteElo "2286"]
[BlackElo "2274"]
[Annotator "TA"]
[PlyCount "120"]
[EventDate "2019.09.23"]
[EventType "tourn"]
[EventRounds "9"]
[EventCountry "UKR"]
[EventCategory "1"]
[SourceTitle "playchess.com"]
[Source "ChessBase"]
[SourceQuality "1"]

{[%evp 19,120,0,7,9,9,0,0,-23,24,20,20,24,26,26,26,26,25,25,21,20,17,16,41,39,47,28,28,28,32,31,31,33,44,44,52,52,52,45,52,52,72,72,72,72,72,72,72,34,34,34,34,34,36,27,36,36,36,26,47,47,63,51,63,63,63,63,63,43,63,63,63,63,63,17,17,17,65,65,65,17,17,17,17,17,17,0,0,0,0,0,0,0,0,0,0,0,8,8,8,8,8,8,8]} 1. c4 e5 2. Nc3 Nf6 3. g3 d5 4. cxd5 Nxd5 5. Bg2 Nb6 6. Nf3 Nc6 7. d3 Be7 8. a3 a5 9. Be3 O-O 10. O-O Be6 11. d4 {A29: English Opening: Four Knights Variation with 4 g3} (11. Rc1 f5 12. Na4 e4 13. Ne1 Nd5 14. Bd2 Nf6 15. Nc5 Bxc5 16. Rxc5 Nd4 17. Bg5 Qe7 18. Rc3 Rad8 19. e3 Nb5 {0-1 (42) Georgiev,K (2581)-Indjic,A (2628) Mali Losinj 2019}) 11... exd4 12. Nxd4 Nxd4 13. Bxd4 c5 $146 ({Predecessor:} 13... c6 14. Qd3 Re8 15. Rad1 Bb3 16. Rc1 a4 17. Ne4 Ra5 18. Nd2 Rb5 19. Nxb3 Rxb3 {½-½ (42) Ryska,J (2123)-Pavlicek,M (2325) ICCF email 2014}) 14. Be3 Nc4 15. Qc1 Qb6 16. Nd5 Bxd5 $1 17. Bxd5 Nxe3 18. Qxe3 Bf6 19. Rab1 Rad8 20. Rfd1 Bd4 21. Qf3 Qf6 22. Qxf6 Bxf6 23. a4 b6 24. b3 Bd4 25. Bc4 Bf6 26. e3 Rxd1+ 27. Rxd1 Rd8 28. Rxd8+ Bxd8 $14 {[%mdl 4096] Endgame KB-KB} 29. Kg2 Kf8 30. Kf3 Bf6 31. Ke4 Bc3 32. Kd5 Be1 33. Kc6 Bxf2 34. Kxb6 Be1 $1 35. Kxc5 Ke7 36. Kd5 h6 37. Bd3 Bb4 38. Ke5 f6+ 39. Kf5 Kf8 40. Ke6 Bc3 41. g4 Bd2 42. e4 Bc3 43. Kf5 Bb4 44. Kg6 Be7 45. h4 Bb4 46. g5 hxg5 47. hxg5 fxg5 48. Kxg5 Ke7 49. Bc4 Kd6 {The position is equal.} 50. Kf5 Bc3 51. Bd3 Be5 52. b4 axb4 53. a5 b3 54. a6 {[#] Black must now prevent a7.} Bd4 55. e5+ Ke7 56. Kg6 b2 57. Bf5 b1=Q 58. Bxb1 {With the idea Bf5.} Ke6 59. Kxg7 Bxe5+ 60. Kf8 {[#] a7 would kill now.} Bd4 {Accuracy: White = 64%, Black = 62%.} 1/2-1/2

[Event "November Lviv Tradition 2019"]
[Site "Lviv"]
[Date "2019.11.25"]
[Round "9.4"]
[White "Papunidi, Matvey"]
[Black "Cherniaiev, Tykhon"]
[Result "1-0"]
[WhiteElo "2052"]
[BlackElo "2121"]
[Annotator "TA"]
[PlyCount "121"]
[EventDate "2019.09.23"]
[EventType "tourn"]
[EventRounds "9"]
[EventCountry "UKR"]
[EventCategory "1"]
[SourceTitle "playchess.com"]
[Source "ChessBase"]
[SourceQuality "1"]

{[%evp 9,120,33,43,16,30,37,37,47,55,54,72,33,43,31,60,44,34,36,35,23,22,25,41,33,37,22,21,8,7,7,7,12,37,39,43,49,40,36,37,41,58,0,104,104,98,95,125,84,79,90,152,104,103,96,151,143,220,214,252,229,222,205,188,173,397,366,370,370,558,556,512,523,803,792,739,722,540,543,891,859,1878,1856,2131,1953,1717,1416,2150,2096,5502,5197,29983,29984,29984,29985,29987,29988,29989,29990,29990,29990,29990,29991,29996,29992,29998,29994,29997,29997,29997,29998,29998,29998,29999]} 1. e4 d5 2. exd5 Qxd5 3. Nc3 Qd8 4. Bc4 Nf6 5. Nf3 e6 6. O-O {B01: Scandinavian Defence} (6. d4 Nc6 7. O-O Be7 8. Qe2 a6 9. Rd1 Nd5 10. a3 b5 11. Bxd5 exd5 12. Ne5 Nb8 13. Bg5 Be6 14. Bxe7 Qxe7 {1-0 (62) Baklan,V (2617)-Fridman,R (2479) Germany 2015}) 6... Be7 7. d4 O-O 8. Bf4 {White is slightly better.} c6 9. Re1 Nbd7 10. Ne5 Nxe5 11. Bxe5 Nd5 12. Nxd5 $146 ({Predecessor:} 12. Ne4) 12... exd5 13. Bd3 Bf6 14. Qh5 {[%csl Gd3][%cal Rh5h7]} g6 15. Qh6 Bxe5 16. Rxe5 {Threatening mate with Rh5!} Qf6 $1 17. h4 (17. Rae1 {is more complex.} Bd7 18. f4 Rae8 19. f5 Qg7 20. Qf4) 17... Bd7 18. Qg5 $40 {[%mdl 128] White attacks.} (18. c3 {with more complications.} Rae8 19. f4 Qg7 20. Qxg7+ Kxg7 21. Rae1) 18... Qxg5 19. hxg5 Rae8 20. Rae1 f6 21. gxf6 Kf7 22. f4 Kxf6 23. Kf2 Rxe5 24. dxe5+ $14 {[%mdl 4096] Endgame KRB-KRB} Ke7 25. Kf3 ({Better is} 25. g3 $14) 25... Be6 (25... g5 $11 {keeps the balance.}) 26. Rh1 $16 Rf7 27. g4 d4 28. Kg3 Bd5 29. Rf1 c5 (29... Ke6 $142) 30. b3 Ke6 31. Re1 a6 ({Black should play} 31... Rf8) 32. a4 $1 {[%cal Ba2a4,Ba4a5][%mdl 32]} Rf8 {[#]} (32... a5 $16) 33. a5 $1 $18 Rf7 {[#]} 34. Re2 $1 Rf8 35. Rh2 Rf7 36. Rh6 Rg7 $2 (36... Bc6 37. Rh2 Rg7) 37. Kh4 Rf7 38. Kg5 Rg7 (38... c4 $142) 39. Bc4 Bxc4 40. bxc4 {KR-KR} Re7 41. Rh1 Rf7 42. Rh3 Re7 43. Rb3 Kf7 44. Kh6 Kg8 45. Rb6 Rf7 46. Rf6 Re7 47. Rd6 Kf7 48. Kxh7 g5 49. fxg5 Rxe5 50. g6+ {White mates.} Ke7 51. Rd5 Rxd5 52. cxd5 {KP-KP} c4 53. g7 d3 54. cxd3 cxd3 55. g8=Q d2 56. Qg5+ Kf8 57. Qxd2 Kf7 58. Qf4+ Ke7 59. Qc7+ {[%mdl 64] Double Attack} Kf8 60. Kg6 {[%csl Gg6][%cal Rc7f7]} Kg8 61. Qc8# {Accuracy: White = 75%, Black = 34%.} 1-0

[Event "November Lviv Tradition 2019"]
[Site "Lviv"]
[Date "2019.11.25"]
[Round "9.5"]
[White "Roshka, Yevgeniy"]
[Black "Frolov, Artur"]
[Result "1/2-1/2"]
[WhiteElo "2415"]
[BlackElo "2425"]
[Annotator "TA"]
[PlyCount "62"]
[EventDate "2019.09.23"]
[EventType "tourn"]
[EventRounds "9"]
[EventCountry "UKR"]
[EventCategory "1"]
[SourceTitle "playchess.com"]
[Source "ChessBase"]
[SourceQuality "1"]

{[%evp 14,62,14,-8,11,21,26,8,47,40,35,31,33,33,33,37,39,39,45,42,40,14,16,23,31,0,0,8,38,29,52,40,62,49,32,23,23,0,0,0,0,0,0,0,0,0,0,0,0,0,0]} 1. e4 e5 2. Nf3 Nc6 3. Bb5 a6 4. Ba4 Nf6 5. Nc3 b5 6. Bb3 Be7 7. d3 d6 8. a4 Rb8 {C77: Ruy Lopez: 3...a6 4 Ba4 Nf6, unusual lines} (8... b4 9. Nd5 Rb8 10. a5 O-O 11. h3 Nxd5 12. exd5 Na7 13. O-O c5 14. c3 bxc3 15. bxc3 Nb5 16. Bd2 {½-½ (35) Zvjaginsev,V (2642)-Melkumyan,H (2583) Moscow 2010}) 9. axb5 axb5 10. h3 Nd4 $146 ({Predecessor:} 10... O-O 11. O-O Be6 12. Bg5 h6 13. Bxf6 Bxf6 14. Nd5 Bxd5 15. Bxd5 Ne7 16. Bb3 Ra8 17. Qd2 c5 18. g3 Qc7 19. c3 {1-0 (61) Van Delft,M (2423)-Geirnaert,S (2391) Amsterdam 2014}) 11. Nxd4 exd4 12. Nd5 Nxd5 13. Bxd5 O-O 14. O-O Be6 15. Bxe6 fxe6 16. Qg4 Qd7 17. Ra7 Ra8 18. Bh6 {[%csl Gh6][%cal Rg4g7] [#]} Bf6 19. Rxa8 Rxa8 20. f4 Kh8 (20... b4 {feels hotter.} 21. Bg5 Qe7 22. h4 Ra2 23. f5 e5) 21. Bg5 Qe7 22. Bxf6 gxf6 $14 {[%mdl 4096] Endgame KQR-KQR} 23. Qh5 b4 24. Rf3 Rg8 25. Qa5 c5 {The position is equal.} 26. Qa6 h5 27. Qa2 h4 28. Kf1 f5 29. exf5 exf5 30. Qd5 Re8 {[%csl Ge8][%cal Re7e1] [#]} 31. Kg1 Qe1+ {Accuracy: White = 68%, Black = 51%.} 1/2-1/2